| 000 | 00388nam a2200145Ia 4500 | ||
|---|---|---|---|
| 005 | 20250729165751.0 | ||
| 008 | 250729s2015 xx 000 0 und d | ||
| 041 | _aeng | ||
| 082 | _a930.25 KARS | ||
| 100 |
_aKarnataka Government _9232515 |
||
| 245 | _aSocial Science - 10 th Std | ||
| 260 |
_aBangalore _bKarnataka Text Book Socity _c2015 |
||
| 300 | _a306p | ||
| 650 |
_aHistory _9232516 |
||
| 999 |
_c239821 _d239821 |
||